000 00527nam a2200181Ia 4500
005 20250508152021.0
008 008 250505s9999 xx 000 0 eng d
037 _aTextual
040 _aFEDL
_beng
_cFEDL
041 _aeng
_2eng
084 _a371.425, STR
_qFEDL
100 _aStrong Edward K
_9345220
245 0 _aVocational interests of men and women
260 _aCalifornia, USA
_bStanford University Press
_c1945
300 _axxix,746p
942 _cTEXL
_h371.425, STR
999 _c1333635
_d1333635